01829nam a22002297a 450000500170000000800410001702000180005804000070007604100080008308200210009110000230011224500170013526000310015230000240018336500600020752010860026765000180135370000250137194200120139699900190140895201720142720211028114839.0211028b ||||| |||| 00| 0 eng d a9781529391589 cAl aEng 223a813.54bKINI aStephen King92113 aIf it bleeds aUKbHodder&Stoughtonc2021 a393p.bPBc16x11cm. aBLCR-000062b₹399.20c₹d₹499.00e20%f04-10-2021 aNews people have a saying: 'If it bleeds, it leads'. And a bomb at Albert Macready Middle School is guaranteed to lead any bulletin. Holly Gibney of the Finders Keepers detective agency is working on the case of a missing dog - and on her own need to be more assertive - when she sees the footage on TV. But when she tunes in again, to the late-night report, she realises something is not quite right about the correspondent who was first on the scene. So begins 'If It Bleeds', a stand-alone sequel to the No. 1 bestselling THE OUTSIDER featuring the incomparable Holly on her first solo case - and also the riveting title story in Stephen King's brilliant new collection. Dancing alongside are three more wonderful long stories from this 'formidably versatile author' (The Sunday Times) - 'Mr Harrigan's Phone', 'The Life of Chuck' and 'Rat'. All four display the richness of King's storytelling with grace, humour, horror and breathtaking suspense. A fascinating Author's Note gives us a wonderful insight into the origin of each story and the writer's unparalleled imagination. aFiction92114 aKING (Stephen)92115 2ddccBK c216777d216777 00102ddc40708ENGaALbALd2021-10-12eNavaKarnataka Publications Pvt.Ltd.g399.20l12o813.54 KINIp075010r2026-02-17 12:19:28s2026-02-10v499.00w2021-10-28yBK